[Event "chess.com SpeedChess Q2Sw"]
[Site "chess.com INT"]
[Date "2022.11.12"]
[Round "1"]
[White "Fridman, Daniel"]
[Black "Yoo, Christopher Woojin"]
[Result "1-0"]
[WhiteTitle "GM"]
[BlackTitle "GM"]
[WhiteElo "2602"]
[BlackElo "2573"]
[WhiteFideId "11600454"]
[BlackFideId "30909694"]
[EventDate "2022.11.12"]

1. d4 Nf6 2. Nf3 b6 3. g3 Bb7 4. Bg2 c5 5. O-O g6 6. c4 cxd4 7. Qxd4 Bg7 8. Nc3
O-O 9. Qh4 d6 10. Bh6 Nbd7 11. h3 Rc8 12. b3 Rc5 13. g4 Qa8 14. Rad1 Re8 15.
Bxg7 Kxg7 16. g5 Nh5 17. Nd5 Bxd5 18. cxd5 Ne5 19. Nd4 Qc8 20. f4 Nd7 21. Bf3
Nf8 22. Bg4 e6 23. dxe6 fxe6 24. e4 Qb7 25. Bxh5 gxh5 26. f5 Kh8 27. Qxh5 Rcc8
28. fxe6 Qxe4 29. Rfe1 Qg6 30. Qg4 Rc5 31. h4 Re5 32. Rxe5 dxe5 33. h5 Qg8 34.
Nf5 Nxe6 35. g6 h6 36. Rd7 Nf8 37. g7+ 1-0

[Event "chess.com SpeedChess Q2Sw"]
[Site "chess.com INT"]
[Date "2022.11.12"]
[Round "1"]
[White "Mahdavi, Reza"]
[Black "Yang, Kevin"]
[Result "0-1"]
[WhiteTitle "FM"]
[WhiteElo "2316"]
[BlackElo "2082"]
[WhiteFideId "12595926"]
[BlackFideId "30908485"]
[EventDate "2022.11.12"]

1. e4 c6 2. d4 d5 3. e5 Bf5 4. Nf3 e6 5. Be2 Nd7 6. O-O Bg6 7. c3 Nh6 8. Bxh6
gxh6 9. Nbd2 Bg7 10. Ne1 O-O 11. f4 f6 12. Bd3 fxe5 13. Bxg6 hxg6 14. fxe5 Qg5
15. Ndf3 Qe3+ 16. Kh1 g5 17. Nc2 Qe4 18. Qd2 Rf7 19. Rae1 Qg6 20. Ng1 Raf8 21.
Rxf7 Rxf7 22. Ne3 h5 23. a4 g4 24. Rf1 Bh6 25. Rxf7 Qxf7 26. Qe2 Qf4 27. Nf1 a6
28. Ng3 h4 29. Nf1 c5 30. Qd3 Qe4 31. Qxe4 dxe4 32. Ne2 cxd4 33. cxd4 Nb6 34.
Nc3 e3 35. b3 Nd5 36. Ne2 Kf7 37. g3 h3 38. Kg1 Kg6 39. b4 Kf5 40. b5 axb5 41.
axb5 Ke4 42. Nc1 Kf3 43. Nd3 e2 44. Ne1+ Ke4 45. Nc2 exf1=Q+ 46. Kxf1 Ne3+ 47.
Nxe3 Bxe3 48. d5 Kxd5 49. Ke2 Bd4 50. Kd3 Kxe5 0-1

[Event "chess.com SpeedChess Q2Sw"]
[Site "chess.com INT"]
[Date "2022.11.12"]
[Round "1"]
[White "Nyzhnyk, Illya"]
[Black "Manukyan, Sargis A."]
[Result "1-0"]
[WhiteTitle "GM"]
[BlackTitle "FM"]
[WhiteElo "2687"]
[BlackElo "2163"]
[WhiteFideId "14118084"]
[BlackFideId "13303970"]
[EventDate "2022.11.12"]

1. Nf3 d5 2. c4 e6 3. e3 Nf6 4. b3 Be7 5. Bb2 O-O 6. Nc3 b6 7. Qc2 Bb7 8. Rg1
Ne4 9. Bd3 f5 10. Be2 Nxc3 11. Bxc3 Bf6 12. cxd5 Bxd5 13. Rc1 c5 14. g4 Bxc3 15.
Qxc3 Qf6 16. gxf5 Qxc3 17. Rxc3 exf5 18. d4 Nd7 19. Rd3 Be4 20. Rd2 Rac8 21. Ng5
h6 22. Ne6 Rf6 23. Rxg7+ Kh8 24. Rxd7 Rxe6 25. Rxa7 Rg6 26. f3 Rg1+ 27. Kf2 Rcg8
28. fxe4 fxe4 29. Bf1 Rh1 30. Ke1 cxd4 31. Rf2 d3 32. Rc7 Rd8 33. Kd2 Ra8 34.
Kc3 b5 35. a3 Rd8 36. Re7 Rc8+ 37. Kd4 Rd8+ 38. Kxe4 d2 39. Be2 Re1 40. Bh5 Rb1
41. Rf6 Rxb3 42. Rxh6+ Kg8 43. Bf7+ Kg7 44. Bxb3+ Kxh6 45. Bd1 Kg5 46. Re5+ Kh4
47. Rxb5 Rd4+ 48. exd4 Kh3 49. Kd3 Kg2 50. Kxd2 Kh1 51. d5 Kg2 52. d6 Kh1 53. d7
Kg2 54. d8=Q Kh1 55. Qg5 1-0

[Event "chess.com SpeedChess Q2Sw"]
[Site "chess.com INT"]
[Date "2022.11.12"]
[Round "1"]
[White "Danielyan, Vahe"]
[Black "Meier, Georg"]
[Result "1-0"]
[WhiteTitle "IM"]
[BlackTitle "GM"]
[WhiteElo "2307"]
[BlackElo "2615"]
[WhiteFideId "13304828"]
[BlackFideId "4675789"]
[EventDate "2022.11.12"]

1. e4 e6 2. d4 d5 3. Nc3 dxe4 4. Nxe4 Nd7 5. Nf3 Ngf6 6. Bg5 h6 7. Nxf6+ Nxf6 8.
Bh4 c5 9. c3 cxd4 10. Qxd4 Qxd4 11. Nxd4 Bd7 12. Be2 O-O-O 13. O-O-O Bd6 14. Kc2
Bf4 15. Bg3 Bxg3 16. hxg3 a6 17. Rhe1 e5 18. Nf3 Ng4 19. Rf1 Bf5+ 20. Kc1 Rxd1+
21. Bxd1 Bd3 22. Re1 f6 23. Nh4 Nxf2 24. Bb3 Rd8 25. Re3 Bh7 26. a4 Nd3+ 27. Kb1
a5 28. Bc2 e4 29. g4 Rd5 30. Nf5 Bxf5 31. gxf5 Nc5 32. b4 axb4 33. cxb4 1-0

[Event "chess.com SpeedChess Q2Sw"]
[Site "chess.com INT"]
[Date "2022.11.12"]
[Round "1"]
[White "Kravtsiv, Martyn"]
[Black "Kazancev, Valerij M"]
[Result "1-0"]
[WhiteTitle "GM"]
[BlackTitle "FM"]
[WhiteElo "2598"]
[BlackElo "2313"]
[WhiteFideId "14113147"]
[BlackFideId "4179609"]
[EventDate "2022.11.12"]

1. e4 c5 2. Nf3 d6 3. Bb5+ Bd7 4. Bxd7+ Nxd7 5. c4 Ngf6 6. Nc3 a6 7. O-O g6 8.
d4 cxd4 9. Nxd4 Bg7 10. b3 Rc8 11. Bb2 O-O 12. f3 e6 13. Qe2 Qb6 14. Na4 Qa7 15.
Kh1 Rfd8 16. Rad1 Nh5 17. Nc2 b5 18. Bxg7 Nxg7 19. Nb2 Ne8 20. Ne3 Qc5 21. f4
Qa3 22. Nd3 Ndf6 23. f5 Nxe4 24. fxe6 f5 25. Nd5 bxc4 26. bxc4 Rxc4 27. e7 Rdc8
28. Qf3 Rd4 29. N3f4 Qxf3 30. gxf3 Rxd1 31. Rxd1 Rc2 32. fxe4 fxe4 33. Ne6 Rxa2
34. Rf1 1-0

[Event "chess.com SpeedChess Q2Sw"]
[Site "chess.com INT"]
[Date "2022.11.12"]
[Round "1"]
[White "Deev, Andrei"]
[Black "Matinian, Nikita"]
[Result "0-1"]
[WhiteTitle "IM"]
[BlackTitle "GM"]
[WhiteElo "2390"]
[BlackElo "2425"]
[WhiteFideId "4102690"]
[BlackFideId "24129100"]
[EventDate "2022.11.12"]

1. e4 c5 2. Nf3 d6 3. c3 Nf6 4. Be2 g6 5. O-O Bg7 6. Re1 O-O 7. Bf1 e5 8. d4 Nc6
9. dxc5 dxc5 10. Qc2 h6 11. Nbd2 Be6 12. Nc4 Qc7 13. Ne3 Rad8 14. Bc4 Bxc4 15.
Nxc4 b5 16. Ne3 c4 17. a4 a6 18. axb5 axb5 19. b3 cxb3 20. Qxb3 Nxe4 21. Ba3
Rfe8 22. Nd5 Rxd5 23. Qxd5 Nxc3 24. Qc5 e4 25. Rac1 Re6 26. Rxc3 Bxc3 27. Qxc3
exf3 28. Rxe6 fxe6 29. Bb2 e5 30. Qb3+ Kg7 31. Qxb5 fxg2 32. Kxg2 Qd6 33. f4
Qd2+ 34. Kg1 Qd1+ 35. Kg2 Qg4+ 36. Kh1 Qf3+ 37. Kg1 Qe3+ 38. Kg2 Qxf4 39. Qxc6
Qd2+ 40. Kf3 Qxb2 41. Qd7+ Kf6 42. Qd8+ Kf5 43. Qd7+ Kg5 44. h4+ Kf6 45. Qd8+
Ke6 46. Qe8+ Kd6 47. Qd8+ Kc5 48. Qc7+ Kd5 49. Qf7+ Kd4 50. Qd7+ Kc3 51. Qc7+
Kd2 0-1

[Event "chess.com SpeedChess Q2Sw"]
[Site "chess.com INT"]
[Date "2022.11.12"]
[Round "1"]
[White "Naroditsky, Daniel"]
[Black "Csonka, Balazs"]
[Result "1-0"]
[WhiteTitle "GM"]
[BlackTitle "IM"]
[WhiteElo "2617"]
[BlackElo "2497"]
[WhiteFideId "2026961"]
[BlackFideId "742910"]
[EventDate "2022.11.12"]

1. e4 e5 2. Nf3 Nc6 3. Bb5 Nf6 4. O-O Nxe4 5. d4 Nd6 6. Ba4 exd4 7. c3 Be7 8.
cxd4 b5 9. Bb3 Bb7 10. Nc3 Na5 11. Bc2 b4 12. Na4 O-O 13. Nc5 Bd5 14. Ne5 Nc6
15. Nexd7 Re8 16. Bxh7+ Kxh7 17. Qh5+ Kg8 18. Qxd5 Na5 19. Ne5 Bf6 20. Ncd7 Bxe5
21. Nxe5 c6 22. Qc5 Ndb7 23. Qxb4 c5 24. Qa4 Qxd4 25. Qxd4 cxd4 26. Nf3 Rad8 27.
Rd1 d3 28. b3 Nc6 29. Bd2 Nd4 30. Nxd4 Rxd4 31. Be3 Rd5 32. Bxa7 Nd6 33. Be3 Ne4
34. Rac1 Ra8 35. a4 Rb8 36. f3 Nd6 37. Rc3 Nf5 38. Rdxd3 Nxe3 39. Rxe3 Rd2 40.
Kf1 Ra2 41. Re2 Ra1+ 42. Kf2 Rb1 43. Ra2 R8xb3 44. Rxb3 Rxb3 45. a5 Rb7 46. a6
Ra7 47. Ke3 1-0

[Event "chess.com SpeedChess Q2Sw"]
[Site "chess.com INT"]
[Date "2022.11.12"]
[Round "1"]
[White "Kollars, Dmitrij"]
[Black "Filgueira, Hernan"]
[Result "1-0"]
[WhiteTitle "GM"]
[BlackTitle "IM"]
[WhiteElo "2611"]
[BlackElo "2283"]
[WhiteFideId "12909572"]
[BlackFideId "101770"]
[EventDate "2022.11.12"]

1. d4 d5 2. c4 e6 3. Nc3 c6 4. e3 Nf6 5. Nf3 a6 6. Qc2 Nbd7 7. Bd2 g6 8. e4 dxe4
9. Nxe4 Nxe4 10. Qxe4 Bg7 11. Bd3 O-O 12. O-O c5 13. Bg5 Qc7 14. d5 e5 15. Qh4
f5 16. Be7 Bf6 17. Ng5 h5 18. Bxf8 Nxf8 19. Ne6 Qe7 20. Qg3 Bxe6 21. dxe6 Qxe6
22. Rad1 e4 23. Be2 h4 24. Qc7 Qe7 25. Qxe7 Bxe7 26. Rd5 Kf7 27. g3 hxg3 28.
hxg3 Ne6 29. f3 Nd4 30. Bd1 exf3 31. Bxf3 Rh8 32. Kg2 b6 33. Re1 g5 34. Rf1 Kg6
35. b4 1-0

[Event "chess.com SpeedChess Q2Sw"]
[Site "chess.com INT"]
[Date "2022.11.12"]
[Round "1"]
[White "Erdogdu, Mert"]
[Black "Fernandez Siles, Luis"]
[Result "1-0"]
[WhiteTitle "GM"]
[BlackTitle "FM"]
[WhiteElo "2413"]
[BlackElo "2220"]
[WhiteFideId "6301495"]
[BlackFideId "2209420"]
[EventDate "2022.11.12"]

1. e4 c5 2. Nf3 Nc6 3. d4 cxd4 4. Nxd4 Nf6 5. Nc3 e5 6. Ndb5 d6 7. Bg5 a6 8. Na3
b5 9. Nd5 Be7 10. Bxf6 Bxf6 11. c4 b4 12. Nc2 O-O 13. g3 Rb8 14. b3 Bg5 15. h4
Bh6 16. Bh3 Be6 17. Kf1 a5 18. Kg2 Ne7 19. Nxe7+ Qxe7 20. Qd3 Rfd8 21. Rhd1 g6
22. a3 Qf6 23. Bxe6 fxe6 24. axb4 axb4 25. Ra6 Bf8 26. Ne3 Ra8 27. Rda1 Rxa6 28.
Rxa6 Qe7 29. Ng4 Qb7 30. Ra4 Be7 31. Ne3 Ra8 32. Rxa8+ Qxa8 33. Nc2 Qa5 34. Ne1
Qa1 35. Kf1 Kg7 36. Ke2 Bd8 37. Qxd6 Qb2+ 38. Qd2 Qxb3 39. Qxd8 Qxc4+ 40. Qd3
Qc5 41. Nf3 Qa5 42. Qb3 h6 43. Nd2 Qb5+ 44. Qc4 Qa4 45. Qxe6 Qc2 46. Qxe5+ 1-0

[Event "chess.com SpeedChess Q2Sw"]
[Site "chess.com INT"]
[Date "2022.11.12"]
[Round "1"]
[White "Novik, Maxim"]
[Black "Rakhmanov, Aleksandr"]
[Result "0-1"]
[WhiteTitle "GM"]
[BlackTitle "GM"]
[WhiteElo "2412"]
[BlackElo "2630"]
[WhiteFideId "4102924"]
[BlackFideId "4173708"]
[EventDate "2022.11.12"]

1. e4 c5 2. Nf3 Nf6 3. e5 Nd5 4. Nc3 Nxc3 5. dxc3 Nc6 6. Bf4 Qb6 7. b3 Qc7 8.
Qd2 e6 9. h4 h6 10. O-O-O a6 11. Bd3 b5 12. Be4 Bb7 13. Rhe1 c4 14. Kb2 Ne7 15.
Bxb7 Qxb7 16. h5 Nd5 17. Qd4 Rc8 18. Bd2 b4 19. Kb1 bxc3 20. Bc1 a5 21. Qe4 a4
22. Rxd5 exd5 23. Qe3 axb3 24. axb3 cxb3 25. Nd4 b2 26. e6 dxe6 27. Nxe6 bxc1=Q+
28. Kxc1 fxe6 29. Qxe6+ Be7 30. Qg6+ Kd8 31. Re6 Rc7 32. Kd1 Qb1+ 33. Ke2 Qb5+
34. Kd1 Ra7 35. Rd6+ Bxd6 36. Qxd6+ Kc8 37. Qe6+ Kb7 38. Qe7+ Ka8 39. f4 Ra1# 0-1

[Event "chess.com SpeedChess Q2Sw"]
[Site "chess.com INT"]
[Date "2022.11.12"]
[Round "1"]
[White "Begunov, Konstantin"]
[Black "Djordjevic, Vuk"]
[Result "0-1"]
[WhiteTitle "FM"]
[BlackTitle "IM"]
[WhiteElo "2325"]
[BlackElo "2394"]
[WhiteFideId "4118510"]
[BlackFideId "902098"]
[EventDate "2022.11.12"]

1. d4 Nf6 2. c4 e6 3. Nf3 b6 4. g3 Ba6 5. Qa4 c5 6. dxc5 bxc5 7. Bg2 Bb7 8. Nc3
Be7 9. O-O O-O 10. Rd1 d6 11. Bf4 Qb6 12. Rab1 Bc6 13. Qc2 Rd8 14. a3 a5 15. Ng5
Bxg2 16. Kxg2 Qb7+ 17. f3 Nc6 18. Nce4 Nxe4 19. Nxe4 Nd4 20. Qd2 d5 21. cxd5
exd5 22. Nc3 Nb3 23. Qc2 c4 24. e4 d4 25. Nd5 Rxd5 26. exd5 Qxd5 27. Qe4 Qxe4
28. fxe4 a4 29. Kf3 Rc8 30. Ke2 c3 31. bxc3 dxc3 32. Rf1 c2 33. Rbe1 Bxa3 34.
Bc1 Nxc1+ 35. Rxc1 Bxc1 36. Rxc1 a3 37. Kd2 a2 38. Ra1 c1=Q+ 0-1

[Event "chess.com SpeedChess Q2Sw"]
[Site "chess.com INT"]
[Date "2022.11.12"]
[Round "1"]
[White "Muradli, Mahammad"]
[Black "Dauner, Benedikt"]
[Result "0-1"]
[WhiteTitle "GM"]
[BlackTitle "FM"]
[WhiteElo "2540"]
[BlackElo "2336"]
[WhiteFideId "13409301"]
[BlackFideId "16225899"]
[EventDate "2022.11.12"]

1. Nf3 Nf6 2. d4 b6 3. e3 Bb7 4. Bd3 e6 5. Qe2 d5 6. O-O Bd6 7. b3 O-O 8. Bb2
Nbd7 9. Nbd2 Qe7 10. a4 e5 11. dxe5 Nxe5 12. Nxe5 Bxe5 13. Bxe5 Qxe5 14. Nf3 Qc3
15. a5 Rfe8 16. Nd4 c5 17. a6 Bxa6 18. Nb5 Bxb5 19. Bxb5 Re7 20. Ra6 Ne4 21.
Rfa1 Qf6 22. Qf3 Qe6 23. c4 dxc4 24. bxc4 g6 25. h4 h5 26. Qf4 Rd8 27. g3 Rd2
28. R6a2 Rxa2 29. Rxa2 Kg7 30. Ra1 Nc3 31. Ba6 Ne2+ 32. Kg2 Nxf4+ 33. gxf4 Qe4+
34. Kg3 Qe6 35. Kg2 Qg4+ 36. Kf1 Qxh4 37. Rd1 Qh1+ 38. Ke2 Qe4 0-1

[Event "chess.com SpeedChess Q2Sw"]
[Site "chess.com INT"]
[Date "2022.11.12"]
[Round "1"]
[White "Drygalov, Sergey"]
[Black "Melian, Juan Sebastian"]
[Result "1-0"]
[WhiteTitle "GM"]
[BlackTitle "CM"]
[WhiteElo "2547"]
[BlackElo "2150"]
[WhiteFideId "24171743"]
[BlackFideId "3706575"]
[EventDate "2022.11.12"]

1. d4 Nf6 2. c4 e6 3. Nf3 Bb4+ 4. Nbd2 O-O 5. a3 Be7 6. e4 d6 7. Bd3 e5 8. O-O
exd4 9. Nxd4 Re8 10. b4 a5 11. Bb2 Nc6 12. Nxc6 bxc6 13. Bc3 axb4 14. axb4 Bg4
15. Qc2 Nd7 16. f3 Bh5 17. Nb3 c5 18. bxc5 dxc5 19. e5 Bg6 20. Bxg6 hxg6 21. Na5
Nb6 22. Qe4 Qd7 23. f4 Qe6 24. Rfd1 Red8 25. Rxd8+ Rxd8 26. Nc6 Re8 27. Ra7 Bd8
28. h3 f5 29. Qf3 Qxc4 30. Be1 Qe6 31. Bf2 Nd5 32. Na5 Be7 33. Ra6 Qxa6 34.
Qxd5+ Kf8 35. Nc6 Qa1+ 36. Kh2 Qa8 37. Nxe7 Qxd5 38. Nxd5 c6 39. Bxc5+ Kf7 40.
Nc7 Rc8 41. Bd6 g5 42. e6+ Kf6 43. e7 Kf7 44. fxg5 g6 45. Kg3 Rh8 46. e8=Q+ Rxe8
47. Nxe8 Kxe8 48. Kf4 Kd7 49. Ke5 c5 50. Bxc5 1-0

[Event "chess.com SpeedChess Q2Sw"]
[Site "chess.com INT"]
[Date "2022.11.12"]
[Round "1"]
[White "Pham, Le Thao Nguyen"]
[Black "Vogel, Roven"]
[Result "0-1"]
[WhiteTitle "IM"]
[BlackTitle "IM"]
[WhiteElo "2369"]
[BlackElo "2461"]
[WhiteFideId "12401226"]
[BlackFideId "12908088"]
[EventDate "2022.11.12"]

1. g4 d5 2. h3 e5 3. Bg2 h5 4. gxh5 Nf6 5. h6 g6 6. d3 Bxh6 7. Bxh6 Rxh6 8. Qd2
Rh8 9. Nc3 c6 10. Qg5 Qe7 11. Nf3 Nbd7 12. O-O-O Nh5 13. Qd2 Nf4 14. Bf1 Qf6 15.
Kb1 Ne6 16. Bg2 Nb6 17. Nh2 Nf4 18. Bf1 Be6 19. e3 Nxh3 20. f4 exf4 21. Bxh3
Rxh3 22. exf4 O-O-O 23. Rhf1 Rdh8 24. Nf3 Bg4 25. Ng5 Rh2 26. Qe3 Bxd1 27. Nxd1
Kc7 28. a3 Rh1 29. Qf3 Rxf1 30. Qxf1 Rh4 31. Nh3 Qf5 32. Ndf2 Rxf4 33. Nxf4 Qxf4
34. Qe2 Nd7 35. Nh3 Qe5 36. Qf2 f6 37. d4 Qd6 38. Nf4 g5 39. Nh5 a5 40. Ng7 Kb8
41. Qf5 a4 42. Ne8 Qe7 43. Qg6 g4 44. Qg8 Ka7 45. Nc7 Nf8 46. Nxd5 cxd5 47. Qxd5
Qe1+ 48. Ka2 Qe6 0-1

[Event "chess.com SpeedChess Q2Sw"]
[Site "chess.com INT"]
[Date "2022.11.12"]
[Round "1"]
[White "Grot, Blazej"]
[Black "Korchmar, Vasiliy"]
[Result "1/2-1/2"]
[WhiteTitle "CM"]
[BlackTitle "IM"]
[WhiteElo "1839"]
[BlackElo "2438"]
[WhiteFideId "21835845"]
[BlackFideId "24131750"]
[EventDate "2022.11.12"]

1. e4 c5 2. Nf3 d6 3. Bb5+ Nd7 4. Ba4 Nf6 5. O-O Nxe4 6. Re1 Nf6 7. d4 e6 8. d5
e5 9. Nxe5 Be7 10. Nxd7 Bxd7 11. Bxd7+ Qxd7 12. Qe2 O-O 13. c4 Qf5 14. Nc3 Rae8
15. Be3 a6 16. h3 Bd8 17. Rad1 Ba5 18. Qd3 Qxd3 19. Rxd3 Ne4 20. Nxe4 Rxe4 21.
Rc1 b5 22. Ra3 Bc7 23. Rxa6 bxc4 24. Ra4 Rb8 25. b3 f5 26. Raxc4 Rxc4 27. Rxc4
Ra8 28. b4 Ra4 29. a3 Ba5 30. Bd2 Bd8 31. g3 Rxa3 32. bxc5 dxc5 33. Rxc5 Bf6 34.
Be3 Rd3 35. d6 Rxd6 36. Rxf5 Kf7 37. Ra5 Ke6 38. Ra7 h5 39. Kg2 Rd5 40. h4 Kf5
41. Ra4 Kg6 1/2-1/2

[Event "chess.com SpeedChess Q2Sw"]
[Site "chess.com INT"]
[Date "2022.11.12"]
[Round "1"]
[White "Martinez Alcantara, Jose Eduardo"]
[Black "Zhu, Jiner"]
[Result "0-1"]
[WhiteTitle "GM"]
[BlackTitle "WGM"]
[WhiteElo "2597"]
[BlackElo "2486"]
[WhiteFideId "3805662"]
[BlackFideId "8608059"]
[EventDate "2022.11.12"]

1. e4 c5 2. Nf3 d6 3. c3 Nf6 4. h3 g6 5. Bd3 Bg7 6. Bc2 Nc6 7. O-O O-O 8. d4
cxd4 9. cxd4 e5 10. d5 Nb4 11. Nc3 Nxc2 12. Qxc2 Bd7 13. Bd2 Rc8 14. Qb3 Qb6 15.
Be3 Qxb3 16. axb3 a6 17. Nd2 Ne8 18. Nc4 f5 19. Nb6 Rd8 20. f3 Nf6 21. Rac1 h5
22. Bg5 Kh7 23. Rfe1 Bh6 24. Bxh6 Kxh6 25. Nb1 Bb5 26. Nd2 fxe4 27. fxe4 Nd7 28.
Nxd7 Rxd7 29. Rc3 Rdf7 30. Nf3 g5 31. h4 g4 32. Ng5 Rf2 33. Ne6 R8f6 34. Rc8
Rxb2 35. Rh8+ Kg6 36. Rg8+ Kh7 37. Rf8 Rxf8 38. Nxf8+ Kh6 39. Kh2 Rxb3 40. Rc1
g3+ 41. Kh3 Kg7 42. Ne6+ Kf6 43. Rc8 Be2 44. Rf8+ Ke7 45. Rg8 Bg4+ 46. Rxg4
hxg4+ 47. Kxg4 Kf6 48. h5 a5 49. Nf8 Kg7 50. Ne6+ Kh6 51. Nd8 a4 52. Nf7+ Kg7
53. Nxd6 a3 54. Nf5+ Kh7 55. d6 Rd3 56. Ne7 Rxd6 57. Nd5 a2 58. Kf5 a1=Q 59.
Nf6+ Rxf6+ 60. Kxf6 Qf1+ 61. Kxe5 Qxg2 62. Kd6 Qh1 63. e5 g2 64. e6 g1=Q 65. e7
Qd4+ 66. Kc7 Qhe4 67. Kb8 Qxe7 68. h6 b5 69. Kc8 Qdd8# 0-1

[Event "chess.com SpeedChess Q2Sw"]
[Site "chess.com INT"]
[Date "2022.11.12"]
[Round "1"]
[White "Stearman, Josiah"]
[Black "Dubov, Daniil"]
[Result "0-1"]
[WhiteTitle "IM"]
[BlackTitle "GM"]
[WhiteElo "2377"]
[BlackElo "2708"]
[WhiteFideId "2062496"]
[BlackFideId "24126055"]
[EventDate "2022.11.12"]

1. d4 Nf6 2. c4 e6 3. Nc3 d5 4. cxd5 exd5 5. Bg5 Be7 6. e3 O-O 7. Bd3 h6 8. Bh4
Re8 9. Nge2 Nbd7 10. Qc2 c6 11. O-O Nh5 12. Bxe7 Qxe7 13. Rab1 Ndf6 14. Bf5 g6
15. Bxc8 Raxc8 16. b4 Qd6 17. Ng3 Nxg3 18. hxg3 Kg7 19. b5 h5 20. Qe2 Ng4 21.
Qf3 Re6 22. bxc6 bxc6 23. e4 dxe4 24. Nxe4 Qxd4 25. Rb7 Rf8 26. Ng5 Rf6 27. Qe2
Kg8 28. Nf3 Qc5 29. Rd1 Re6 30. Qb2 Rfe8 31. Rb8 Rxb8 32. Qxb8+ Kh7 33. Qb2 Re8
34. Rd7 Kg8 35. Rb7 Rd8 36. Qe2 Nxf2 37. Kh2 Ng4+ 38. Kh3 Qc1 39. Ne1 Rf8 40.
Qe7 Qc4 41. Rd7 Qf1 42. Kh4 Nh6 43. Kg5 Kg7 44. Qe5+ Kh7 45. Qe7 Qf5+ 46. Kh4
Qg4# 0-1

[Event "chess.com SpeedChess Q2Sw"]
[Site "chess.com INT"]
[Date "2022.11.12"]
[Round "1"]
[White "Quispe Arteaga, Gabriel"]
[Black "Krishnakumar, Sriram"]
[Result "0-1"]
[WhiteTitle "FM"]
[BlackTitle "FM"]
[WhiteElo "2374"]
[BlackElo "2248"]
[WhiteFideId "32059809"]
[BlackFideId "30915856"]
[EventDate "2022.11.12"]

1. c4 c6 2. Nf3 d5 3. e3 Nf6 4. Nc3 Nbd7 5. b3 e5 6. Be2 a6 7. Bb2 Bd6 8. d3 O-O
9. Qc2 b5 10. Rd1 Bb7 11. O-O Rc8 12. h3 Qe7 13. Qb1 Rfd8 14. Rc1 g6 15. Rfd1 c5
16. cxd5 Nxd5 17. Nxd5 Bxd5 18. Ne1 f5 19. Bf3 Nf6 20. Bxd5+ Nxd5 21. Nf3 Nb4
22. a3 Nc6 23. Ba1 e4 24. dxe4 fxe4 25. Qb2 exf3 26. Qh8+ Kf7 27. Qxh7+ Ke8 28.
Qxg6+ Kd7 29. Bf6 Qe6 30. Qg7+ Ne7 31. Bxe7 Qxe7 32. Qg4+ Kc7 33. Qxf3 Qe5 34.
g3 Rf8 35. Qd5 Qf6 36. f4 Qe7 37. e4 Rg8 38. g4 Bxf4 39. Qxc5+ Qxc5+ 40. Rxc5+
Kb6 41. Rf5 Be3+ 42. Kg2 Rc2+ 43. Kf3 Rc3 44. Ke2 Rxb3 45. e5 Rxa3 46. e6 Bc5
47. Rdd5 Be7 48. Rd7 Re8 49. Rf7 Bc5 50. Rb7+ Ka5 51. h4 Re3+ 52. Kd2 R3xe6 53.
g5 Rh8 54. Rh7 Rg8 55. Kd3 Re3+ 56. Kd2 Rh3 57. Rh6 Bf2 58. Rbh7 Rxh4 59. Rxh4
Bxh4 60. Rxh4 Rxg5 0-1

[Event "chess.com SpeedChess Q2Sw"]
[Site "chess.com INT"]
[Date "2022.11.12"]
[Round "1"]
[White "Yu, Yangyi"]
[Black "Biastoch, Bennet"]
[Result "1-0"]
[WhiteTitle "GM"]
[BlackTitle "FM"]
[WhiteElo "2716"]
[BlackElo "2232"]
[WhiteFideId "8603820"]
[BlackFideId "12939889"]
[EventDate "2022.11.12"]

1. e4 c5 2. Nf3 d6 3. d4 cxd4 4. Nxd4 Nf6 5. Nc3 a6 6. a4 e5 7. Nf3 h6 8. Bc4
Be7 9. O-O O-O 10. Qe2 b6 11. Rd1 Qc7 12. Nh4 Nc6 13. Be3 Bg4 14. f3 Bc8 15. Kh1
Be6 16. Nf5 Bxf5 17. exf5 Nb4 18. Nd5 Nfxd5 19. Bxd5 Qxc2 20. Rd2 Qc7 21. Bxa8
Rxa8 22. Rdd1 d5 23. Bd2 Nc6 24. Rac1 Qb7 25. Be1 Rd8 26. Qc2 Bc5 27. Bc3 a5 28.
Qd3 Qe7 29. Re1 f6 30. Rcd1 Qd6 31. h3 d4 32. Bd2 Bb4 33. Re2 Bxd2 34. Rexd2 Nb4
35. Qc4+ Kh7 36. f4 Qd7 37. fxe5 fxe5 38. f6 gxf6 39. Rf1 f5 40. Rdf2 Rf8 41.
Re2 Nc6 42. Qb5 Rf6 43. Ref2 f4 44. Re1 Qd6 45. Qd3+ Kg7 46. Qe4 Re6 47. Rc2 Ne7
48. Rec1 Nf5 49. Qxf5 d3 50. Rc7+ Re7 51. Rxe7+ Qxe7 52. Qxd3 e4 53. Qd4+ Kg6
54. Rc6+ Kf5 55. Qd5+ Qe5 56. Qf7+ Kg5 57. Qg6+ Kh4 58. Qg4# 1-0

[Event "chess.com SpeedChess Q2Sw"]
[Site "chess.com INT"]
[Date "2022.11.12"]
[Round "1"]
[White "Harshavardhan, G B"]
[Black "Chernov, Mikhail"]
[Result "1-0"]
[WhiteTitle "IM"]
[BlackTitle "FM"]
[WhiteElo "2426"]
[BlackElo "2213"]
[WhiteFideId "25059009"]
[BlackFideId "24143170"]
[EventDate "2022.11.12"]

1. d4 d5 2. c4 c6 3. Nf3 Nf6 4. g3 Bf5 5. Bg2 e6 6. Nbd2 Nbd7 7. O-O Be7 8. Nh4
Bg6 9. b3 O-O 10. Bb2 a5 11. Nxg6 hxg6 12. e4 a4 13. cxd5 cxd5 14. e5 Ne8 15. f4
Qb6 16. Kh1 Nc7 17. g4 a3 18. Bc1 Qxd4 19. Rb1 Nb5 20. Qe1 Bb4 21. Rf3 Nc3 22.
Rh3 Rfc8 23. Nf3 Nxb1 24. Bd2 Qb2 25. Qh4 f6 26. Bxb4 Rc1+ 27. Ng1 Qd4 28. Be1
Rac8 29. Bf2 Qd2 30. f5 Nxe5 31. fxe6 Kf8 32. Qh8+ Ke7 33. Qxg7+ Kxe6 34. Rh7
R8c7 35. Qg8+ Kd6 36. Qd8+ Nd7 37. Bg3+ Kc6 38. Qxc7+ Kb5 39. Qxd7+ Ka5 40. Qd8+
Ka6 41. Qa8+ 1-0

[Event "chess.com SpeedChess Q2Sw"]
[Site "chess.com INT"]
[Date "2022.11.12"]
[Round "1"]
[White "Baskakov, Egor"]
[Black "Gurevich, Dmitry"]
[Result "1-0"]
[WhiteTitle "CM"]
[BlackTitle "GM"]
[WhiteElo "2215"]
[BlackElo "2396"]
[WhiteFideId "24197866"]
[BlackFideId "2000407"]
[EventDate "2022.11.12"]

1. e4 c5 2. Nf3 d6 3. d4 cxd4 4. Nxd4 Nf6 5. Nc3 Nc6 6. g3 g6 7. Nde2 b6 8. Bg2
Ba6 9. O-O Bg7 10. h3 O-O 11. Re1 Rc8 12. Nd5 e6 13. Nxf6+ Bxf6 14. c3 Re8 15.
Nd4 Ne5 16. Qa4 Nd3 17. Rd1 Bc4 18. b3 Nxc1 19. Raxc1 Bxd4 20. Rxd4 Be2 21. Rc2
e5 22. Rdd2 b5 23. Qxa7 Bh5 24. g4 Bxg4 25. hxg4 Qg5 26. Bh3 Rxc3 27. Rxc3 Qxd2
28. Rf3 Rf8 29. a4 bxa4 30. bxa4 h5 31. gxh5 Qg5+ 32. Rg3 Qxh5 33. Bf1 Qh4 34.
Qe3 Kg7 35. Rh3 Qg4+ 36. Kh2 g5 37. Bg2 Ra8 38. Rg3 Qh4+ 39. Bh3 f6 40. Rg4 Qh8
41. Qb6 Rxa4 42. Qxd6 Qa8 43. Qd7+ Kg6 44. Rg3 Qxe4 45. Qe8+ Kg7 46. Qd7+ Kg6
47. Qe8+ Kg7 48. Bf5 Qh4+ 49. Kg2 Qh8 50. Qxa4 1-0